Normal view
MARC view
- Crítica del arte
Entry Materia
001 - NÚMERO DE CONTROL DEL REGISTRO
- campo de control: 946
003 - IDENTIFICADOR DE NUMERO DE CONTROL
- campo de control: UPN
005 - FECHA Y HORA DE LA ÚLTIMA TRANSACCIÓN
- campo de control: 20240911091953.0
008 - DATOS DE LONGITUD FIJA
- campo de control de longitud fija: nabaccnnaabn|||||||||| b |nc|||||d
035 ## - NÚMERO DE CONTROL DEL SISTEMA
- Número de control del sistema: UPN10000000946
040 ## - FUENTE DE LA CATALOGACIÓN
- Lengua de catalogación: SPA
- Agencia de transcripción: UPN
- Centro catalogador de origen: MX-MxUPN
053 #4 - NÚMERO CLASIFICADOR - BIBLIOTECA DEL CONGRESO (LC)
- Elemento numérico de la clasificación - Número único o no. inicial del rango: N7476
150 ## - ENCABEZAMIENTO - TEMÁTICO
- Término de materia o nombre geográfico como elemento inicial: Crítica del arte
450 ## - VÉASE - MATERIA
- Encabezamiento temático: Arte -
- Subdivisión temática general: Crítica
550 ## - VÉASE ADEMÁS - MATERIA
- Encabezamiento temático o nombre geográfico como elemento de entrada: APRECIACION DEL ARTE
670 ## - FUENTE EN LA QUE SE LOCALIZARON DATOS
- Cita de la fuente: LC
- Información localizada: Art criticism
680 ## - NOTA GENERAL CON DESPLIEGUE PÚBLICO
- Texto explicativo: Arte de juzgar el valor, las cualidades y los defectos de una obra artística, literaria, etc.
902 ## - CATALOGADOR
- Catalogador: MEEG/240805
